Herbal : the essential guide to herbs for living.
| Main Author: | |
|---|---|
| Format: | Book |
| Published: |
London:
Pavilion Books,
2001.
|
| Subjects: |
| LEADER | 00449cam a2200169 7i4500 | ||
|---|---|---|---|
| 001 | 0000027023 | ||
| 005 | 20120402090000.0 | ||
| 020 | 0 | 0 | |a 9781862058927 |
| 090 | 0 | 0 | |a P 581.63 |b BOW |
| 100 | 1 | 0 | |a Bown |
| 245 | 1 | 0 | |a Herbal : |b the essential guide to herbs for living. |
| 260 | 0 | 0 | |a London: |b Pavilion Books, |c 2001. |
| 300 | # | # | |a 320p. |
| 650 | 0 | 0 | |a Herbs |
| 650 | 0 | 0 | |a Herbs |
| 650 | 0 | 0 | |a Herbs gardening |
| 999 | |a B000029558 |b Book |c Book |e Business Information Centre | ||


